| 000 | 01931cam a22004934i 4500 | ||
|---|---|---|---|
| 003 | PE-LiUPU | ||
| 005 | 20250731165602.0 | ||
| 008 | 150625s2004 sp rb 000 0 spa d | ||
| 020 | _a8431321865 | ||
| 035 | _a(Sirsi) i9788431321864 | ||
| 040 |
_aPE-LiUPU _bspa _cPE-LiUPU _erda |
||
| 049 | _aPRUA | ||
| 082 | 0 | 4 |
_a070 _bS21 _221 |
| 100 | 1 |
_aSancho, Francisco, _eautor. |
|
| 245 | 1 | 0 |
_aEn el corazón del periódico / _cFrancisco Sancho. |
| 264 | 1 |
_aNavarra : _bEUNSA, _c2004. |
|
| 300 |
_a209 páginas ; _c24 centímetros |
||
| 336 |
_atext _2rdacontent |
||
| 337 |
_aunmediated _2rdamedia |
||
| 338 |
_avolume _2rdacarrier |
||
| 504 | _aIncluye bibliografía. | ||
| 505 | 0 | _aEl papel del periódico. -¿Qué piensan los lectores?. -El perfil del periodista. -Cómo filtrar la información. -El perfil del periodista.. Digital. -El perfil del jefe. -El papel del jefe. -Administrar recursos. -Saber leer el periódico. -Por donde comenzar. -Análisis contable. -Análisis ideológico. -Análisis informativo. -Nivel de servicio. -Presentación y diseño. . | |
| 526 | _aSEG44 | ||
| 526 | _aSEG26 | ||
| 526 | _aP151 | ||
| 526 | _aP150 | ||
| 526 | _aP149 | ||
| 526 | _aP146 | ||
| 526 | _aP145 | ||
| 526 | _aP126 | ||
| 526 | _aP125 | ||
| 526 | _aP92 | ||
| 526 | _aP75 | ||
| 526 | _aP74 | ||
| 526 | _aP27 | ||
| 526 | _aP15 | ||
| 541 | _g001-0028290; | ||
| 650 | 0 | 4 |
_aPeriodismo. _9384 |
| 942 |
_2ddc _cBOOK |
||
| 949 |
_a070 S21 _wDEWEY _c1 _i58291 _d2015-11-2 _e2015-10-30 _lCCODEBUL1 _mBUL _n3 _r0 _sY _tBOOK _u2015-6-25 _xEDUCACION _PP20 _0COMPRA _o.STAFF. Colección General |
||
| 994 |
_aC0 _bPEPRU |
||
| 596 | _a1 | ||
| 999 |
_a070 S21 _wDEWEY _c47234 _i58291 _d47234 _e2018-5-28 _f2021-11-30 _g5 _lCCODEBUL1 _mBUL _n4 _p33.00 _r0 _sY _tBOOK _u2015-6-25 _xEDUCACION _PP20 _0COMPRA _o.STAFF. Colección General |
||
| 980 |
_81 _gALBERTO SANCHEZ Responsable de Automatización |
||